[Event "AUTO-MASTER-2292"]
[Site "http://www.queenalice.com/game.php?id=1358133"]
[Date "2015.5.7"]
[Round "1"]
[White "jalhallib"]
[Black "ErasmudoPorto"]
[Result "0-1"]
[WhiteElo "2044"]
[BlackElo "2141"]

1. e4 e6 2. d4 d5 3. e5 c5 4. Bb5+ Bd7 5. Bxd7+ Nxd7 6. c3 Ne7 7. Bg5 Qb6 8. b3
Nf5 9. Nf3 cxd4 10. cxd4 Bb4+ 11. Bd2 Nxd4 12. Bxb4 Nxf3+ 13. Qxf3 Qxb4+ 14. Nd2
Qd4 15. Rd1 Qxe5+ 16. Qe3 Rc8 17. O-O Qxe3 18. fxe3 Ke7 19. Rc1 Ne5 20. e4 dxe4
21. Nxe4 Rhd8 22. b4 b6 23. a3 h6 24. h3 Nd3 25. Rxc8 Rxc8 26. Rd1 Rc1 27. Rxc1
Nxc1 28. Nd2 Nd3 29. Nb1 Kd6 30. Kf1 Kd5 31. Ke2 Nb2 32. Kd2 Nc4+ 33. Kd3 b5 34.
g3 e5 35. g4 g6 36. Nc3+ Kc6 37. a4 a6 38. a5 Nd6 39. h4 f5 40. gxf5 gxf5 41.
Ne2 Kd5 42. Nc3+ Ke6 43. Ne2 Ne4 44. Ke3 Kd5 45. Kd3 h5 46. Ng1 Nf2+ 47. Ke2 Ng4
48. Kf3 Nh6 49. Ne2 f4 50. Nc3+ Kc4 51. Na2 Kb3 52. Nc1+ Kc3 53. Ke4 Ng4 54. Nd3
Kc4 55. Nc5 Kxb4 56. Nxa6+ Kxa5 57. Nc5 b4 58. Kd3 f3 59. Ne4 Ka4 60. Nd2 f2 61.
Ke2 b3 62. Nb1 b2 63. Kf1 Kb3 64. Nd2+ Kc2 65. Ke2 b1=Q 66. Nxb1 Kxb1 67. Kf1
Kc2 0-1

[Event "AUTO-MASTER-2292"]
[Site "http://www.queenalice.com/game.php?id=1358134"]
[Date "2015.5.7"]
[Round "1"]
[White "ErasmudoPorto"]
[Black "jalhallib"]
[Result "0-1"]
[WhiteElo "2160"]
[BlackElo "1990"]

1. d4 d5 2. e3 Nf6 3. Bd3 e6 4. f4 Nc6 5. c3 h6 6. Nf3 Be7 7. O-O a6 8. Nbd2 b5
9. Ne5 Nxe5 10. fxe5 Nd7 11. Qh5 O-O 12. e4 Bg5 13. exd5 Bxd2 14. Bxd2 Nb6 15.
Bxh6 f5 16. exf6 Rxf6 17. Bxg7 Kxg7 18. Qg5+ Kf7 19. Qg6+ Ke7 20. Qxf6+ Kd6 21.
Qxe6+ Bxe6 0-1

[Event "AUTO-MASTER-2292"]
[Site "http://www.queenalice.com/game.php?id=1358147"]
[Date "2015.5.7"]
[Round "1"]
[White "areis"]
[Black "ErasmudoPorto"]
[Result "0-1"]
[WhiteElo "1937"]
[BlackElo "2146"]

1. c4 f5 2. d4 g6 3. Nc3 Bg7 4. Nf3 Nf6 5. Bg5 c6 6. e3 d5 7. cxd5 cxd5 8. Bxf6
Bxf6 9. Bb5+ Nc6 10. Qa4 Qd6 11. Rc1 Bd7 12. Ne2 Rc8 13. a3 a6 14. Bxc6 Bxc6 15.
Qd1 O-O 16. O-O Bb5 17. Re1 e6 18. Qd2 Bc4 19. Rc3 Bd8 20. b4 Bf6 21. Rec1 b5
22. g3 Rf7 23. Kg2 Ra7 24. h4 a5 25. bxa5 Rca8 26. Nf4 Rxa5 27. Qb2 Rxa3 28. Nh3
Rxc3 29. Rxc3 b4 30. Rc1 Ra2 31. Qb1 b3 32. Nd2 Rxd2 0-1

[Event "AUTO-MASTER-2292"]
[Site "http://www.queenalice.com/game.php?id=1358148"]
[Date "2015.5.7"]
[Round "1"]
[White "ErasmudoPorto"]
[Black "areis"]
[Result "1-0"]
[WhiteElo "2139"]
[BlackElo "1921"]

1. e4 e6 2. d4 d5 3. e5 c5 4. c3 Nc6 5. Nf3 Qb6 6. Bd3 Bd7 7. O-O cxd4 8. cxd4
Nxd4 9. Nxd4 Qxd4 10. Nc3 Qxe5 11. Re1 Qd6 12. Nb5 Qb8 13. Qf3 Nf6 14. Bf4 Qc8
15. Rac1 Bc6 16. Nc7+ Kd7 17. Be5 Be7 18. Qf4 Nh5 19. Qg4 Nf6 20. Qxg7 Rg8 21.
Qxf7 d4 22. Qxe6+ Kd8 23. Rxc6 bxc6 24. Qxc6 1-0

[Event "AUTO-MASTER-2292"]
[Site "http://www.queenalice.com/game.php?id=1358155"]
[Date "2015.5.7"]
[Round "1"]
[White "MarceloPadre"]
[Black "ErasmudoPorto"]
[Result "1-0"]
[WhiteElo "1942"]
[BlackElo "1993"]

1. d4 Nf6 2. c4 d6 3. Nc3 Nbd7 4. e4 e5 5. Nge2 Be7 6. f3 O-O 7. Be3 Nh5 8. Qd2
f5 9. O-O-O f4 10. Bf2 c6 11. Kb1 Nb6 12. Nc1 Be6 13. d5 cxd5 14. cxd5 Bd7 15.
Be2 Qc7 16. g3 Nc4 17. Qc2 Rac8 18. Bxc4 Qxc4 19. Nb3 Ba4 20. g4 Nf6 21. h4 Nd7
22. Rc1 Nc5 23. Bxc5 Bxb3 24. Qxb3 Qxb3 25. axb3 Rxc5 26. h5 Rfc8 27. Na4 Rxc1+
28. Rxc1 Rxc1+ 29. Kxc1 1-0

[Event "AUTO-MASTER-2292"]
[Site "http://www.queenalice.com/game.php?id=1358156"]
[Date "2015.5.7"]
[Round "1"]
[White "ErasmudoPorto"]
[Black "MarceloPadre"]
[Result "0-1"]
[WhiteElo "2013"]
[BlackElo "1922"]

1. d4 d5 2. e3 e6 3. Bd3 Nf6 4. f4 Bd6 5. Nf3 O-O 6. O-O Nbd7 7. Ne5 c6 8. Qe2
Ne4 9. Nd2 f5 10. c4 Ndf6 11. c5 Bc7 12. Ndf3 Bd7 13. Bd2 Be8 14. Be1 Bh5 15.
Bh4 Qe8 16. Qc2 Bxf3 17. gxf3 Qh5 18. Be1 Qh3 19. fxe4 fxe4 20. Be2 Qxe3+ 21.
Kh1 Qxd4 22. Bc3 Qxc5 23. Qd2 Qe7 24. Rad1 c5 25. b3 Rad8 26. Rg1 d4 27. Bb2 Nd5
28. Rdf1 e3 29. Qe1 Nxf4 0-1

[Event "AUTO-ADV-3344"]
[Site "http://www.queenalice.com/game.php?id=1360098"]
[Date "2015.5.17"]
[Round "2"]
[White "Corvidae"]
[Black "ErasmudoPorto"]
[Result "1-0"]
[WhiteElo "1917"]
[BlackElo "2152"]

1. e4 e6 2. d4 d5 3. Nc3 c5 4. exd5 exd5 5. dxc5 d4 6. Bb5+ Nc6 7. Qe2+ Be7 8.
Ne4 Kf8 9. Bxc6 bxc6 10. b4 Bf5 11. f3 Qc7 12. Bb2 Re8 13. Qd3 Nf6 14. Bxd4 Nxe4
15. Ne2 Ng3 16. Qc3 Nxh1 17. Bxg7+ Kg8 18. Bxh8 f6 19. Bxf6 Bxf6 20. Qxf6 Qe5
21. Qxe5 Rxe5 22. Rc1 Be6 23. c4 Rh5 24. Nf4 Rxh2 25. Nxe6 Rxg2 26. b5 cxb5 27.
c6 Kf7 28. c7 1-0

[Event "AUTO-ADV-3344"]
[Site "http://www.queenalice.com/game.php?id=1360099"]
[Date "2015.5.17"]
[Round "2"]
[White "ErasmudoPorto"]
[Black "Corvidae"]
[Result "1-0"]
[WhiteElo "2133"]
[BlackElo "2013"]

1. d4 e6 2. e4 d5 3. e5 c5 4. c3 Nc6 5. Bd3 Bd7 6. Nf3 cxd4 7. cxd4 Qb6 8. Nc3
Nxd4 9. Nxd4 Qxd4 10. O-O Qxe5 11. Re1 Qf6 12. Nxd5 Qd8 13. Bf4 Rc8 14. Qb3 Ne7
15. Nxe7 Bxe7 16. Qxb7 Bc6 17. Bb5 Bxb5 18. Qxb5+ Qd7 19. Qxd7+ Kxd7 20. Red1+
Ke8 21. Rac1 Rxc1 22. Rxc1 Bd8 23. Rc8 Kd7 24. Ra8 f5 25. Rxa7+ Kc6 26. Ra8 Kb7
27. Rb8+ Kc6 28. Bg5 Kd7 29. Kf1 Re8 30. Rxd8+ Rxd8 31. Bxd8 Kxd8 32. Ke2 g5 33.
Kd3 e5 34. Kc4 1-0

[Event "AUTO-ADV-3344"]
[Site "http://www.queenalice.com/game.php?id=1360102"]
[Date "2015.5.17"]
[Round "2"]
[White "ErasmudoPorto"]
[Black "MSchatz"]
[Result "0-1"]
[WhiteElo "2089"]
[BlackElo "1970"]

1. e4 e5 2. f4 exf4 3. Bc4 Qh4+ 4. Kf1 Bc5 5. d4 Bb6 6. Nf3 Qe7 7. Nc3 d6 8.
Bxf4 Bg4 9. Qd3 a6 10. Ng5 Qf6 11. g3 Be6 12. Bxe6 fxe6 13. Kg2 Bxd4 14. Rhf1
Be5 15. Bxe5 Qxg5 16. Qf3 Qxe5 17. Qf7+ Kd8 18. Qf8+ Kd7 19. Rf7+ Kc6 20. Qc8 d5
21. Qe8+ Kb6 22. exd5 g6 23. dxe6 Nh6 24. Rf8 Rxf8 25. Qxf8 Nf5 26. Qc8 Ka7 27.
a4 Ne3+ 0-1

[Event "AUTO-ADV-3344"]
[Site "http://www.queenalice.com/game.php?id=1360103"]
[Date "2015.5.17"]
[Round "2"]
[White "MSchatz"]
[Black "ErasmudoPorto"]
[Result "1-0"]
[WhiteElo "1991"]
[BlackElo "2068"]

1. e4 e6 2. d4 d5 3. exd5 exd5 4. Bf4 Bd6 5. Bxd6 Qxd6 6. Bd3 Nf6 7. Qe2+ Be6 8.
Nd2 O-O 9. h3 Nc6 10. Ngf3 Rae8 11. O-O-O Nb4 12. Kb1 Bxh3 13. Qf1 Nxd3 14. Qxd3
Bxg2 15. Rhg1 Bxf3 16. Nxf3 Ne4 17. Ng5 h6 18. Nxe4 Rxe4 19. Rh1 Rfe8 20. Rdg1
Qf6 21. Qd2 R8e6 22. a3 Rxd4 23. Qc3 Rc4 24. Qg3 Rec6 25. c3 d4 26. cxd4 Qxd4
27. Rh4 Qf6 28. Rh2 Rc2 29. Qb3 1-0

[Event "Challenge"]
[Site "http://www.queenalice.com/game.php?id=1363413"]
[Date "2015.6.3"]
[Round "-"]
[White "dourado86"]
[Black "ErasmudoPorto"]
[Result "0-1"]
[WhiteElo "1341"]
[BlackElo "1882"]

1. e4 e6 2. Nf3 d5 3. d3 c5 4. c3 Nc6 5. Be2 Qb6 6. O-O Nf6 7. c4 dxe4 8. dxe4
Nxe4 9. Bd3 Nf6 10. Be3 Be7 11. Nc3 O-O 12. b4 Qxb4 13. Qc2 Qb6 14. Rab1 Qc7 15.
Ng5 g6 16. Nce4 Nxe4 0-1